Central Library OPAC University of Rajshahi

From Urbanization to Cities : (Record no. 40673)

MARC details
000 -LEADER
fixed length control field 00793nam a2200277 a 4500
001 - CONTROL NUMBER
control field 40673
003 - CONTROL NUMBER IDENTIFIER
rucl marc code BD-RjUL
005 - DATE AND TIME OF LATEST TRANSACTION
control field 20211209053249.0
008 - FIXED-LENGTH DATA ELEMENTS--GENERAL INFORMATION
fixed length control field 160508s1995 bg ||||| |||| 001 0 eng d
020 ## - INTERNATIONAL STANDARD BOOK NUMBER
International Standard Book Number 0304328405
Terms of availability : 75.00
International Standard Book Number 0304328421
035 ## - SYSTEM CONTROL NUMBER
System control number (BD-RjUL)40788
040 ## - CATALOGING SOURCE
Original cataloging agency BD-RjUL
Language of cataloging eng
Transcribing agency BD-RjUL
041 ## - LANGUAGE CODE
Language code of text/sound track or separate title eng
082 ## - DEWEY DECIMAL CLASSIFICATION NUMBER
Edition number 23
Classification number 320.85
Author mark and year BOF 1995
100 ## - MAIN ENTRY--PERSONAL NAME
Personal name Bookchin, Murray.
9 (RLIN) 125132
245 ## - TITLE STATEMENT
Title From Urbanization to Cities :
Remainder of title toward a new politics of citizenship /
Statement of responsibility, etc. Murray Bookchin.
250 ## - EDITION STATEMENT
Edition statement Rev. ed.
260 ## - PUBLICATION, DISTRIBUTION, ETC. (IMPRINT)
Place of publication, distribution, etc. London :
Name of publisher, distributor, etc. Cassel,
Date of publication, distribution, etc. c1995.
300 ## - PHYSICAL DESCRIPTION
Pagination 279 p. ;
Size 23 cm.
500 ## - GENERAL NOTE
General note Includes index
650 ## - SUBJECT ADDED ENTRY--TOPICAL TERM
Topical term or geographic name as entry element Urbanization
9 (RLIN) 125133
Topical term or geographic name as entry element Social ecology.
9 (RLIN) 125179
Topical term or geographic name as entry element Political participation.
9 (RLIN) 125180
942 ## - ADDED ENTRY ELEMENTS (KOHA)
Source of classification or shelving scheme Dewey Decimal Classification
Koha item type Books
Holdings
Lost status Source of classification or shelving scheme Damaged status Not for loan Collection code Permanent Location Current Location Shelving location Date acquired Source of acquisition Cost, normal purchase price Total Checkouts Full call number Date last seen Copy number Koha item type
  Dewey Decimal Classification   Not For Loan Non-fiction Central Library, University of Rajshahi Central Library, University of Rajshahi Reading Room 17/05/2006 Paragon Enterprise, Dhaka. 75.00   320.85 BOF 1995 08/05/2016 C-1 Books
  Dewey Decimal Classification     Non-fiction Central Library, University of Rajshahi Central Library, University of Rajshahi   17/05/2006 Paragon Enterprises Dhaka 75.00   320.85 BOF 1995 17/12/2016 C-2 Books